000 00506 a2200193 4500
005 20260319101020.0
008 260318b |||||||| |||| 00| 0 eng d
020 _a9789387657021
_cRs. 1095.00
040 _aMAIN
082 _a355.02
_bJ559D
100 _aJha, Vipin
245 _aDefence planning: Problems and prospects
260 _bGaurav Book Centre
_c2019
_aNew Delhi
300 _a221
650 _aMilitary Science
650 _aMilitary Policy
650 _aDefence Planning
942 _cBK
999 _c395351
_d395351